000
00287nam a22001337a 4500
008
190129b xxu||||| |||| 00| 0 eng d
020
_a
2545-4676
041
_a
eng
080
_a
070
100
_a
40
101
_a
MED
245
_a
Seminari i Gazetarisë
_c
Hajrizi,E
942
_2
udc
_c
BK
999
_c
53812
_d
53812